Central Library OPAC University of Rajshahi

প্রাচ্য ও পাশ্চাত্য দর্শনের ইতিহাস / (Record no. 40179)

MARC details
000 -LEADER
fixed length control field 02843nam a2200337 a 4500
001 - CONTROL NUMBER
control field 40179
003 - CONTROL NUMBER IDENTIFIER
rucl marc code BD-RjUL
005 - DATE AND TIME OF LATEST TRANSACTION
control field 20211209053144.0
008 - FIXED-LENGTH DATA ELEMENTS--GENERAL INFORMATION
fixed length control field 160423m19651959ii ||||| |||| 00| 0 ben d
020 ## - INTERNATIONAL STANDARD BOOK NUMBER
Terms of availability : IRs 7.00 (V-1, Pt-1)
Terms of availability : IRs 8.00 (V-1, Pt-2)
Terms of availability : IRs. 30.00 (V-2)
035 ## - SYSTEM CONTROL NUMBER
System control number (BD-RjUL)40294
040 ## - CATALOGING SOURCE
Original cataloging agency BD-RjUL
Language of cataloging ben
Transcribing agency BD-RjUL
041 ## - LANGUAGE CODE
Language code of text/sound track or separate title ben
082 ## - DEWEY DECIMAL CLASSIFICATION NUMBER
Edition number 23
Classification number 109
Author mark and year PRA 1959
245 00 - TITLE STATEMENT
Title প্রাচ্য ও পাশ্চাত্য দর্শনের ইতিহাস /
Statement of responsibility, etc. সম্পাদক মণ্ডলী: সর্বেপল্লী রাধাকৃষ্ণণ্ , সভাপতি ; কর্মসচিব: আরদেশির রাতনজি ওয়াডিয়া, ধীরেন্দ্রমোহন দত্ত, হুমায়ুন কবির ; বাংলা সংস্করণের সম্পাদক মণ্ডলী: হুমায়ুন কবির, সভাপতি ; কর্মসচিব: রাসবিহারী দাস, অমিয়কুমার মজুমদার
250 ## - EDITION STATEMENT
Edition statement ১ম সং. , বাংলা সং.
260 ## - PUBLICATION, DISTRIBUTION, ETC. (IMPRINT)
Place of publication, distribution, etc. কলিকাতা :
Name of publisher, distributor, etc. এম. সি. সরকার অ্যান্ড সন্স প্রাইভেট লিমিটেড,
Date of publication, distribution, etc. ১৯৫৯-১৯৬৫ (আশ্বিন ১৩৬৬ - বৈশাখ ১৩৭২)
300 ## - PHYSICAL DESCRIPTION
Pagination খণ্ড ;
Size ২২ সেমি
505 0# - FORMATTED CONTENTS NOTE
Formatted contents note খণ্ড ১(ভাগ ১) -- খণ্ড ১(ভাগ ২) -- খণ্ড ২ --
650 ## - SUBJECT ADDED ENTRY--TOPICAL TERM
Topical term or geographic name as entry element দর্শন
General subdivision ইতিহাস
9 (RLIN) 237072
Topical term or geographic name as entry element Philosophy
General subdivision History
9 (RLIN) 237073
700 ## - ADDED ENTRY--PERSONAL NAME
Personal name রাধাকৃষ্ণন, সর্বেপল্লী, সম্পাদক মণ্ডলীর সভাপতি
Personal name ওয়াডিয়া, আরদেশির রাতনজি, সম্পাদক মণ্ডলীর কর্মসচিব
Personal name দত্ত, ধীরেন্দ্রমোহন, সম্পাদক মণ্ডলীর যুগ্ম কর্মসচিব
Personal name কবির, হুমায়ুন, সম্পাদক মণ্ডলীর যুগ্ম কর্মসচিব ও বাংলা সংস্করণের সম্পাদক মণ্ডলীর সভাপতি
Personal name দাস, রাসবিহারী, বাংলা সংস্করণের সম্পাদক মণ্ডলীর কর্মসচিব
Personal name মজুমদার, অমিয়কুমার, বাংলা সংস্করণের সম্পাদক মণ্ডলীর যুগ্ম কর্মসচিব
942 ## - ADDED ENTRY ELEMENTS (KOHA)
Source of classification or shelving scheme Dewey Decimal Classification
Koha item type Books
Holdings
Lost status Source of classification or shelving scheme Damaged status Not for loan Collection code Permanent Location Current Location Shelving location Date acquired Source of acquisition Cost, normal purchase price Total Checkouts Full call number Date last seen Date checked out Copy number Koha item type
  Dewey Decimal Classification     Non-fiction Central Library, University of Rajshahi Central Library, University of Rajshahi   16/07/1990 Sawkat Osman 7.00 1 B 109 PRA V-1(Pt-1) 1959 24/01/2022 09/01/2022 C-2 Books
  Dewey Decimal Classification     Non-fiction Central Library, University of Rajshahi Central Library, University of Rajshahi   30/06/1981 Rajshahi, Eureka Book Agency 90.00   B 109 PRA V-2 1965 09/05/2016   C-2 Books
  Dewey Decimal Classification     Non-fiction Central Library, University of Rajshahi Central Library, University of Rajshahi   12/06/1990 Swakat Osman, Dhaka. 15.00   B 109 PRA V-2 1965 17/07/2016   C-3 Books
  Dewey Decimal Classification     Non-fiction Central Library, University of Rajshahi Central Library, University of Rajshahi   12/06/1990 Shawkat Osman, Dhaka 8.00 2 B 109 PRA V-1(Pt-2) 1961 21/11/2017 19/09/2017 C-2 Books
  Dewey Decimal Classification   Not For Loan Non-fiction Central Library, University of Rajshahi Central Library, University of Rajshahi Reading Room 30/03/1964 Faruk Library, Rajshahi 8.00   B 109 PRA V-1 1961 05/12/2016   C-1 Books
  Dewey Decimal Classification   Not For Loan Non-fiction Central Library, University of Rajshahi Central Library, University of Rajshahi Reading Room 31/03/1964   7.00 1 B 109 PRA V-1(Pt-1) 1959 20/03/2017 05/01/2017 C-1 Books